000
00266nam a22001217a 4500
008
171017b xxu||||| |||| 00| 0 eng d
041
_a
eng
080
_a
330.101.542
100
_a
52
101
_a
MIK
245
_a
SOME MICROECONOMIC
_c
MAYNARD.J
942
_2
udc
_c
BK
999
_c
34401
_d
34401